| 000 | 00660nam a2200121Ia 4500 | ||
|---|---|---|---|
| 008 | 220620s9999||||xx |||||||||||||| ||und|| | ||
| 100 | _aRogers, Alan | ||
| 245 | 4 |
_aThe Base of the Iceberg _bInformal Learning and Its Impact on Formal and Non-formal Learning |
|
| 546 | _aEnglish[eng] | ||
| 650 | _aInformal learning||lifelong learning||continuing education||Frame of reference||Iceberg||Nonformal learning | ||
| 856 | _uhttps://library.oapen.org/bitstream/20.500.12657/29434/1/9783847402589.pdf||https://library.oapen.org/bitstream/20.500.12657/29434/1/9783847402589.pdf||https://library.oapen.org/bitstream/20.500.12657/29434/1/9783847402589.pdf | ||
| 942 | _cEB | ||
| 999 |
_c27360 _d27360 |
||